000 00458nam a2200157Ia 4500
008 100122s9999 xx 000 0 und d
082 _b67465
_a823.08
100 _aBLYTON ENID
245 _aSECRET SEVEN WIN THROUGH ( THE SECRET SEVEN )
250 _a1
260 _bHODDER CHILDREN`S BOOK
_c1992
300 _a106
630 _aSECRET SEVEN WIN THROUGH ( THE SECRET SEVEN )
730 _aSECRET SEVEN WIN THROUGH ( THE SECRET SEVEN )
942 _cBOOK
999 _c380976
_d380973